Business ratios and formulas (Record no. 71645)
[ view plain ]
| 000 -LEADER | |
|---|---|
| fixed length control field | 02246nam a2200361 a 4500 |
| 082 04 - DEWEY DECIMAL CLASSIFICATION NUMBER | |
| Classification number | 650.01/513 |
| 100 1# - MAIN ENTRY--AUTHOR NAME | |
| Personal name | Bragg, Steven M. |
| 245 10 - TITLE STATEMENT | |
| Title | Business ratios and formulas |
| 250 ## - EDITION STATEMENT | |
| Edition statement | 3rd ed. |
| 260 ## - PUBLICATION, DISTRIBUTION, ETC. (IMPRINT) | |
| Place of publication | Hoboken, N.J. : |
| Name of publisher | Wiley, |
| Year of publication | c2012. |
| 300 ## - PHYSICAL DESCRIPTION | |
| Number of Pages | xvii, 355 p. : |
| Other physical details | ill. |
| 490 1# - SERIES STATEMENT | |
| Series statement | Wiley corporate F&A series |
| 500 ## - GENERAL NOTE | |
| General note | Includes index. |
| 520 ## - SUMMARY, ETC. | |
| Summary, etc | "Business ratios, formulas, and statistics are used by controllers, business managers, and analyst to evaluate company operations and performance. This book presents a comprehensive resource of nearly 250 operational criteria, allowing managers to pick and choose the tools they need to best assess their organization's performance. The measurements contain not only financial matters but also those related to efficiency, effectiveness, capacity, and market share. In addition, measurements related to asset utilization, operating performance, cash flows, liquidity, capital structure, return on investment, and market performance.Each measurement includes a description, an explanation of the calculation, an example, and cautions regarding its use. There is also a description of an electronic spreadsheet to compile a standard set of measurements using Excel as the template.This new edition will include over 20 new measurements"-- |
| 650 #0 - SUBJECT ADDED ENTRY--TOPICAL TERM | |
| Topical Term | Business mathematics. |
| 856 40 - ELECTRONIC LOCATION AND ACCESS | |
| Uniform Resource Identifier | http://site.ebrary.com/lib/rucke/Doc?id=10630621 |
| 520 ## - SUMMARY, ETC. | |
| -- | Provided by publisher. |
No items available.
